000 00548nam a2200193 a 4500
005 20140412111242.0
008 010904s19uu xx 00 eng d
020 _a1-85758-922-X
050 _aTR(GS 372.632
_bB863 1999
100 _aBroadbent, Paul
245 _aBasic skills: addition & subtraction, for 10-11 year olds /
_cPaul Broadbrent.
260 _aLondon :
_bLetts Educational,
_c1999.
300 _a1 v. (unp.) ; ill.
440 _aLetts
650 _aMathematics
650 _aAddition
650 _aSubtraction
999 _c102789
_d102789